Normal view
MARC view
- تأليف المتنبي
Entry Personal Name
001 - CONTROL NUMBER
- control field: 11590
003 - CONTROL NUMBER IDENTIFIER
- control field: JO-AjAnu
005 - DATE AND TIME OF LATEST TRANSACTION
- control field: 20230606072147.0
008 - FIXED-LENGTH DATA ELEMENTS
- fixed length control field: 230606|| aca||aabn | a|a d
040 ## - CATALOGING SOURCE
- Original cataloging agency: JO-AjAnu
- Transcribing agency: JO-AjAnu
100 ## - HEADING--PERSONAL NAME
- Personal name: تأليف المتنبي
670 ## - SOURCE DATA FOUND
- Source citation: Work cat.: (JO-AjAnu)5971: تأليف المتنبي, author, ديوان المتنبي للشاعر المفلق والبليغ الذي بحر فضله مغرق أبي الطيب أحمد بن الحسين الشهير بالمتنبي عفي عنه آمين